| 000 | 00483nam a2200193Ia 4500 | ||
|---|---|---|---|
| 008 | 170918s9999 xx 000 0 und d | ||
| 020 | _a9780439192765 | ||
| 050 | _bS974 1999 | ||
| 100 | _aSweeney, Joan | ||
| 245 | _aMe and my amazing body / | ||
| 245 | _cby Joan Sweeney ; illustated by Annette Cable. | ||
| 260 | _aNew York : | ||
| 260 | _bScholastic, | ||
| 260 | _c1999 | ||
| 300 | _aunpaged : | ||
| 300 | _bcolored illustration ; | ||
| 300 | _c23cm. | ||
| 500 | _a710 | ||
| 999 |
_c342900 _d342900 |
||